| Поле | Название | Значение |
| |
Тип записи |
a |
| |
Библиографический уровень |
m |
| 001 |
Контрольный номер |
RU/SLIB/B/208756194 |
| 005 |
Дата корректировки |
20201206204154.1 |
| 010 |
Индекс ISBN |
__ |
| d |
Цена |
28000-00 |
| 101 |
Язык документа |
__ |
| a |
Язык текста |
rus |
| c |
Язык оригинала |
ger |
| 200 |
Заглавие и сведения об ответственности |
0_ |
| a |
Заглавие |
Психологические типы |
| f |
Первые сведения об ответственности |
Юнг К. Г. ; пер. с нем. С. Лорие ; перераб и доп. В. Зеленским ; общ. ред., сост., предисл., послесл. В. Зеленского |
| b |
Общее обозначение материала |
Текст |
| 210 |
Выходные данные |
__ |
| a |
Место издания |
СПб. |
| c |
Издательство |
Ювента |
| 210 |
Выходные данные |
__ |
| a |
Место издания |
М. |
| c |
Издательство |
Прогресс-Универс |
| d |
Дата издания |
1995 |
| 215 |
Физическое описание |
__ |
| a |
Объем |
716 с. |
| 225 |
Серия |
__ |
| a |
Серия |
Библиотека зарубежной психологии |
| 606 |
Тематические рубрики |
__ |
| a |
Основная рубрика |
Психология |
| 606 |
Тематические рубрики |
__ |
| a |
Основная рубрика |
Общая психология |
| 610 |
Ключевые слова |
__ |
| a |
Ключевые слова |
психологические типы; психологические исследования; психологические течения; психологические теории |
| 686 |
Индексы других классификаций |
__ |
| a |
Классификационный индекс |
88.3-71; ст88 |
| 700 |
Автор |
_1 |
| a |
Фамилия |
Юнг |
| b |
Имя |
К. Г. |
| 4 |
Код отношения |
070 |
| 702 |
Вторичная интеллектуальная ответственность |
_1 |
| a |
Фамилия |
Лорие |
| b |
Имя |
С. |
| 4 |
Код отношения |
Переводчик |
| 4 |
Код отношения |
730 |
| 702 |
Вторичная интеллектуальная ответственность |
_1 |
| a |
Фамилия |
Зеленскиий |
| b |
Имя |
В. |
| 4 |
Код отношения |
Переработка текста |
| 4 |
Код отношения |
570 |
| 4 |
Код отношения |
080 |
| 4 |
Код отношения |
220 |
| 4 |
Код отношения |
340 |
| 801 |
Источник записи |
_0 |
| a |
Страна |
RU |
| b |
Организация |
Муниципальное бюджетное учреждение культуры "Централизованная библиотечная система" г. Сургут (Центральная городская библиотека им. А. С. Пушкина) |
| g |
Правила каталогизации |
КиК/Уланова |
| 801 |
Источник записи |
_1 |
| a |
Страна |
RU |
| b |
Организация |
Муниципальное бюджетное учреждение культуры "Централизованная библиотечная система" г. Сургут (Центральная городская библиотека им. А. С. Пушкина) |
| g |
Правила каталогизации |
КиК/Уланова |
| 852 |
Данные о местонахождении |
__ |
| j |
Шифр хранения |
88.3-71 |
| c |
Каталожный индекс |
88 |
| i |
Авторский знак |
Ю 50 |
| p |
Инвентарный номер |
55462 |
| 901 |
Тип документа |
__ |
| t |
Тип документа |
m |
| 990 |
Данные о заказе (DOS) |
__ |
| j |
Количество экземпляров (DOS) |
10 |